Statistics for Cristiano Ronaldo or Lionel Messi?

Click here to take the quiz!

General Stats

  • This quiz has been taken 2,147 times
    (2,018 since last reset)
  • The average score is 20 of 30

Answer Stats

QuestionAnswer% Correct
Has Played for Barcelona?Lionel Messi
98%
Older?Cristiano Ronaldo
96%
South American?Lionel Messi
95%
Has played in the German Bundesliga?Neither
93%
Has Won at least 6 Ballon d'Ors?Lionel Messi
84%
Has Won at least 5 Champions League Titles?Cristiano Ronaldo
83%
Has Scored the Most Career Hat-tricks?Cristiano Ronaldo
81%
Has Scored More Penalties?Cristiano Ronaldo
81%
Was born on an Island?Cristiano Ronaldo
76%
Has Played Under the Most Managers?Cristiano Ronaldo
76%
Has Scored More Champions League Final Goals?Cristiano Ronaldo
76%
Has Been Sent Off the Most Times Between Them?Cristiano Ronaldo
75%
Has Won More La Liga Titles?Lionel Messi
75%
Has Won a Major International Trophy?Both
73%
Has been the All-Time Record Transfer Fee Holder at some point?Cristiano Ronaldo
67%
Is Sponsored by Puma?Neither
67%
Has won FIFA's The Best at least 2 Times?Both
65%
Has Scored More Free-Kicks?Lionel Messi
64%
Has at least 3 Children?Both
63%
Has Won More European Golden Shoes?Lionel Messi
61%
Has Scored At Least 100 Champions League Goals?Both
60%
Has Worn the Number 9 in Their Professional Career?Cristiano Ronaldo
60%
Has Won the FIFA Puskas Award?Cristiano Ronaldo
57%
Has Scored at Least 100 International Goals?Both
56%
Has Won the Most Club World Cups?Cristiano Ronaldo
52%
Won The Champions League the Earliest in Their Career?Lionel Messi
50%
Has Played in the Europa League?Cristiano Ronaldo
45%
Has Won a Treble of Trophies in One Season With His Club?Lionel Messi
41%
Has Won the European Golden Boy Award?Lionel Messi
38%
Has Won the World Cup Golden Boot?Neither
27%

Score Distribution

Percentile by Number Answered

Percent of People with Each Score

Your Score History

You have not taken this quiz since the last reset